| 000 | 00894nam a22003137i 4500 | ||
|---|---|---|---|
| 999 |
_c200436615 _d54827 |
||
| 001 | 200436615 | ||
| 003 | TR-AnTOB | ||
| 005 | 20230720000947.0 | ||
| 007 | ta | ||
| 008 | 191107s2017 tu g 000 p tur d | ||
| 020 | _a9789754371239 | ||
| 040 |
_aTR-AnTOB _beng _erda _cTR-AnTOB _dTR-AnTOB |
||
| 041 | _atur | ||
| 050 | 0 | 0 | _aPL234.K3733 |
| 090 |
_aPL234.K3733 _bA5 2017 |
||
| 100 | 1 |
_aKaraca, Şükrü _eauthor _9124429 |
|
| 245 | 1 | 0 |
_aAnestü nara / _cŞükrü Karaca |
| 250 | _a2. basım | ||
| 264 | 1 |
_aİstanbul : _bÖtüken Neşriyat, _c2017. |
|
| 300 |
_a72 pages ; _b20 cm |
||
| 336 |
_atext _btxt _2rdacontent |
||
| 337 |
_aunmediated _bn _2rdamedia |
||
| 338 |
_avolume _bnc _2rdacarrier |
||
| 490 | 0 |
_aYayın nu; _v273 _aEdebi eserler; _v80 |
|
| 650 | 7 |
_aTürk şiiri _2etuturkob _984273 |
|
| 650 | 0 |
_aTurkish poetry _988558 |
|
| 942 |
_2lcc _cBK |
||